Escritos políticos / (Record no. 90671)

MARC details
000 -LEADER
campo de control de longitud fija 00573nam a2200169 i 4500
001 - NÚMERO DE CONTROL
campo de control 90671
003 - IDENTIFICADOR DE NÚMERO DE CONTROL
campo de control ES-MaACL
005 - FECHA Y HORA DE LA ÚLTIMA TRANSACCIÓN
campo de control 20230906180527.0
007 - CAMPO FIJO DE DESCRIPCIÓN FÍSICA--INFORMACIÓN GENERAL
campo de control de longitud fija t|
008 - DATOS DE LONGITUD FIJA--INFORMACIÓN GENERAL
campo de control de longitud fija 050124s1979 sp ||||1| spa d
100 1# - ENTRADA PRINCIPAL--NOMBRE DE PERSONA
Nombre de persona Leibniz, Gottfried Wilhelm
Títulos y otros términos asociados al nombre Freiherr von.
9 (RLIN) 71367
245 10 - MENCIÓN DEL TÍTULO
Título Escritos políticos /
Mención de responsabilidad, etc. G.W. Leibniz ; selección, traducción, notas y prólogo de Jaime de Salas.
260 ## - PUBLICACIÓN, DISTRIBUCIÓN, ETC.
Lugar de publicación, distribución, etc. Madrid :
Nombre del editor, distribuidor, etc. Centro de Estudios Constitucionales,
Fecha de publicación, distribución, etc. 1979.
300 ## - DESCRIPCIÓN FÍSICA
Extensión 323 p. ;
Dimensiones 18 cm.
700 1# - ENTRADA AGREGADA--NOMBRE PERSONAL
Nombre de persona Salas Ortueta, Jaime de.
9 (RLIN) 101769
852 ## - LOCALIZACIÓN
Ubicación ES-MaACL
Número de control de estantería C-13445
Sublocalización o colección R.100245
Holdings
Estatus retirado Estado de pérdida Estado de daño No para préstamo Biblioteca de origen Biblioteca actual Ubicación en estantería Fecha de adquisición Fuente de adquisición Total de préstamos Signatura topográfica completa Código de barras Visto por última vez Precio de reemplazo Tipo de ítem Koha
        Biblioteca del Ateneo de Madrid Biblioteca del Ateneo de Madrid Sala Palomar 17/01/2008     C-13445 1094676 23/02/2023 23/02/2023 Libro impreso